000 00557cam a2200217 4500
001 B2833
008 090401t1989 xxu||||| |||| 00| 0 eng d
035 _a(Sirsi) u52458
041 _aeng
050 _a546.73
100 _aButler, D.J.G.
245 _aCFCs and the building industry
260 _aGarston,Watford
_bBuilding Research Establishment
_c1989
300 _a(4)p. ; 30cm.
350 _a0
490 _aBRE Information Paper
_v23/89
650 _aCHLOROFLUOROCARBONS
650 _aMONTREAL PROTOCOL
942 _n0
948 _c04/03/1997
999 _c93075
_d93075